000 00938cam a22001814a 4500
005 20250605164022.0
008 250528s ||||||||||||||||||||||||d
035 _a16366
040 _aGR-AtMCL
_bgre
_dGR-AtMCL
_eAACR2
245 1 _aΟικονομική Ανάλυση / Μικροοικονομική Θεωρία: Μέρος Α'
260 _bΣταμούλης Α,
_c2011
300 _a144
520 _aΕισαγωγικές Έννοιες, Θεωρία Καταναλωτή - Ζήτησης, Θεωρία Παραγωγής Προσφοράς, Μικροοικονομική Ισορροπία, Έσοδο - Κόστος, Αγοράς, Θεωρίας Περί των Επιχειρήσεων, Γραμμικός Προγραμματισμός, Θεωρία Άριστης Κατανομής και Ευημερίας.
700 1 _aΚανδηλώρου Μαίρη Χ
_92460
942 _cBK
999 _c1875
_d1875